000 00722nam a2200253Ia 4500
003 OSt
005 20220918163555.0
006 a|||||r|||| 00| 0
007 ta
008 220917b |||||||| |||| 00| 0 eng d
020 _a014303345X
024 _a228,552
037 _cTextual
040 _aARTS
_cARTS
_beng
041 _2eng
_aeng
082 _aO111,3NCOx, P5
100 _aO' Connor Daniel
_913915
245 0 _aInteresting times in India
_b a short decade at st. Stephen's College
260 _aNew Delhi
_bPenguin Books India
_c2005
300 _axvii, 234p.
_ccm.
650 _aENGLISH LITERATURE
942 _hO111,3NCOx, P5
_cTEXL
_2CC
999 _c120226
_d120226